Datum a čas kvízu
26.5
Celkem bodů
Celkový počet nahraných bodů na tomto kvízu bez doplňovacích otázek.
5.
Pořadí na kvízu
Konečné umístění týmu na tomto kvízu.
Zaznamenané odpovědi
| # | Otázka | Odpověď | Body | Výsledky |
|---|---|---|---|---|
| 1. | Minulý týden se v pražských Z... | Bolt | 1 | |
| 2. | Ke dvěma a půl letům vězení by... | D | 1 | |
| 3. | Pod kterým pseudonymem působí... | Nemo | 0 | |
| 4. | Někteří obyvatelé Německa, pře... | kebab | 0 | |
| 5. | Basketbalová NBA zná svého nej... | Nikola Jokić | 0 | |
| 6. | Podíváme se do zemí či krajů,... | Muž z Acapulca | 1 | |
| 7. | Jak se nazývá chudé království... | A) Monte Albo | 1 | |
| 8. | Toto fiktivní království někol... | Wakanda, vibranium | 0.5 | |
| 9. | Přiřaďte tyto postavy z knižní... | 1C 2D 3B 4A | 0 | |
| 10. | Děj které humoristické novely... | Rozmarné léto | 1 |